La realidad en la novelística de Manuel Puig (Registro nro. 16880)

Detalles MARC
000 -CABECERA
Longitud fija campo de control 00555nam a22001935b 4500
003 - IDENTIFICADOR DELl NÚMERO DE CONTROL
Identificador del número de control OSt
005 - FECHA Y HORA DE LA ÚLTIMA TRANSACCIÓN
Fecha y hora de la última transacción 20150116101256.0
008 - CÓDIGOS DE INFORMACIÓN DE LONGITUD FIJA
Códigos de información de longitud fija 931129s1990 sp | |||| ||spa
020 ## - NÚMERO INTERNACIONAL NORMALIZADO PARA LIBROS
Número Internacional Normalizado para Libros (ISBN) 84-86214-68-8
040 ## - FUENTE DE LA CATALOGACIÓN
Centro transcriptor BMC
082 ## - NÚMERO DE LA CLASIFICACIÓN DECIMAL DEWEY
Númeroo de clasificación 863.9932092
100 1# - PUNTO DE ACCESO PRINCIPAL-NOMBRE DE PERSONA
Nombre de persona Jessen, Patricia B.
9 (RLIN) 29685
245 13 - MENCIÓN DE TÍTULO
Título La realidad en la novelística de Manuel Puig
Mención de responsabilidad, etc. Patricia B. Jessen
260 ## - PUBLICACIÓN, DISTRIBUCIÓN, ETC. (PIE DE IMPRENTA)
Lugar de publicación, distribución, etc. Madrid
Nombre del editor, distribuidor, etc. Pliegos
Fecha de publicación, distribución, etc. D.L. 1990
300 ## - DESCRIPCIÓN FÍSICA
Extensión 155 p.
Dimensiones 20 cm
490 ## - MENCIÓN DE SERIE
Mención de serie Pliegos de Ensayo
600 24 - PUNTO DE ACCESO ADICIONAL DE MATERIA - NOMBRE DE PERSONA
Nombre de persona Puig, Manuel
Fechas asociadas al nombre 1932-1990
Subdivisión de materia general (R ) Historia y crítica
9 (RLIN) 29686
942 ## - ENTRADA DE ELEMENTOS AGREGADOS (KOHA)
Fuente de clasificaión o esquema Dewey Decimal Classification
Koha [por defecto] tipo de item 1- Monografias
Existencias
Suprimido Perdido Fuente de clasificación o esquema Estropeado Restricciones de uso No para préstamo Código de colección Localización permanente Localización actual Localización en estanter&íacute;as Fecha adquisición Fuente de adquisición Número de inventario Préstamos totales Signatura completa Código de barras Fecha última consulta Fecha del precio de reemplazo Tipo de item de Koha
NULL NULL Dewey Decimal Classification NULL Prestable NULL NULL Biblioteca Miguel de Cervantes - UNICAES Biblioteca Miguel de Cervantes - UNICAES Sala Principal 19/01/2002 Donación - Embajada de España 026212   863.99 JES rea 1026622 18/12/2014 18/12/2014 1- Monografias